000 00484nam a22001817a 4500
003 NUST - PNEC
005 20170116181200.0
008 160211b xxu||||| |||| 00| 0 eng d
020 _a9695033970
040 _cLIBRARY
082 _a891.43901 MAN
100 _916366
_aMansoor Ahmed
245 _aAlif Laila
_cDr. Abdul Hassan Mansoor Ahmed
260 _aLahore:
_bAl-Faisal Nashran;
_c2012
300 _a1300p.
650 _916369
_aUrdu Literature
_xGeneral
942 _2ddc
_cBK
999 _c71437
_d71437